000 00780nam a2200217 a 4500
008 070205s2004 ||||||||||||||||| || u
020 _a0273682830
050 _aHG 1854 How
100 _aBain, Keith
245 1 0 _aFinancial markets and institutions. (4th ed.)
250 _a4th ed.
260 _aLondon:
_bPrentice Hall/Financial Times
_c2004
300 _axiii ; 421p.: ill.
350 _a0.00
650 _aFINANCIAL INSTITUTIONS--GREAT BRITAIN
650 _aBANKS AND BANKING--EUROPE
650 0 _aFINANCE--DEVELOPING COUNTRIES
650 _aFINANCE--GREAT BRITAIN
700 _aHowells, Peter
995 _D0.00
_FCBU-MAIN LIBRARY (Kitwe)
_H1
_I0.00
_M1
_UAVAILABLE
_WFeb 5, 2007
_ZMain Library Open Access Collection
999 _c43406
_d43406